Najlepsi kibice w polsce - Statystyki

Ogólne statystyki
  • Ten quiz został rozwiązany 351 razy
  • Średni wynik to 13 z 15
Statystyki odpowiedzi
Hint Odpowiedź % Poprawnych
1 Legia
100%
2 Lech
99%
8 Wisła
92%
4 Widzew
90%
7 Lechia
88%
5 Ruch
87%
15 Arka
86%
11 Pogoń
86%
3 Górnik
85%
14 Jagiellonia
84%
13 Śląsk
83%
9 Cracovia
81%
6 Łks
79%
10 Zagłębie
77%
12 Korona
63%
Nie znaleziono quizów pasujących do podanych kryteriów
Rozkład punktacji
Procent ludzi z każdym wynikiem
Percentyl według liczby udzielonych odpowiedzi
Twoja historia wyników
Nie rozwiązałeś tego quizu